[Event "UKR-ch U20"]
[Site "Ukraine"]
[Date "2010.??.??"]
[Round "7"]
[White "Yurkov, Alexey"]
[Black "Nyzhnyk, Illya"]
[Result "0-1"]
[WhiteElo "2175"]
[BlackElo "2540"]
[PlyCount "122"]
[EventDate "2010.??.??"]
[EventType "swiss"]
[EventRounds "11"]
[EventCountry "UKR"]
[SourceTitle "EXT 2012"]
[Source "ChessBase"]
[SourceDate "2011.11.24"]
[SourceVersion "1"]
[SourceVersionDate "2011.11.24"]
[SourceQuality "1"]

1. e4 c5 2. Nf3 d6 3. d4 cxd4 4. Nxd4 Nf6 5. Nc3 a6 6. h3 e6 7. g4 b5 8. Bg2 Bb7 9. a3 Qc7 10. 0-0 Nc6 11. Nde2 Be7 12. Ng3 Na5 13. Qf3 Rc8 14. g5 Nd7 15. Nh5 0-0 16. Qg3 g6 17. Nf4 Rfe8 18. h4 Bf8 19. Nd3 Bg7 20. Bf4 Nc4 21. Rad1 Nde5 22. Nb1 Red8 23. b3 Nb6 24. Be3 Ned7 25. Rd2 Qb8 26. f4 d5 27. e5 Rc7 28. Qf2 Nc8 29. h5 Ne7 30. h6 Bf8 31. Bh3 Rdc8 32. Rc1 Nc6 33. c3 d4 34. cxd4 Ncxe5 35. Rxc7 Nf3+ 36. Qxf3 Bxf3 37. Rxd7 Bc6 38. Ne5 Bxd7 39. Nxd7 Rc1+ 40. Kf2 Qc7 41. Nf6+ Kh8 42. Rb2 Rxb1 43. Rxb1 Qc2+ 44. Kg3 Qxb1 45. b4 Qd3 46. Kf2 Be7 47. Nd7 Qxa3 48. Ne5 Kg8 49. Bg2 Qb2+ 50. Kg3 Qxb4 51. Bc6 Qc3 52. Kf3 Bd6 53. Bb7 Bxe5 54. fxe5 Qc7 55. Be4 b4 56. Bf4 b3 57. d5 exd5 58. Bxd5 b2 59. e6 Qxf4+ 60. Kxf4 b1Q 61. exf7+ Kf8 0-1

[Event "UKR-ch U20"]
[Site "Ukraine"]
[Date "2010.??.??"]
[Round "10"]
[White "Yurkov, Alexey"]
[Black "Sivuk, Vitaly"]
[Result "0-1"]
[WhiteElo "2175"]
[BlackElo "2430"]
[PlyCount "122"]
[EventDate "2010.??.??"]
[EventType "swiss"]
[EventRounds "11"]
[EventCountry "UKR"]
[SourceTitle "EXT 2012"]
[Source "ChessBase"]
[SourceDate "2011.11.24"]
[SourceVersion "1"]
[SourceVersionDate "2011.11.24"]
[SourceQuality "1"]

1. e3 e5 2. b3 f5 3. Bb2 d6 4. d4 e4 5. Nd2 Nf6 6. c4 c6 7. Ne2 d5 8. Nc3 Bd6 9. Be2 0-0 10. Qc2 a6 11. 0-0-0 b5 12. Kb1 f4 13. cxd5 cxd5 14. exf4 Bxf4 15. Ba3 Re8 16. Nf1 Ng4 17. Bxg4 Bxg4 18. Re1 Nc6 19. Bc5 Rc8 20. Ne3 Be6 21. b4 Bg5 22. Qb2 Qd7 23. Re2 Qf7 24. a3 Ne7 25. Ncd1 Ng6 26. g3 Nf8 27. Rhe1 Nd7 28. Rc2 Rc6 29. Nc3 Rec8 30. h4 Bh6 31. Qc1 g6 32. Qb2 Nb6 33. Bxb6 Rxb6 34. Na2 Rxc2 35. Qxc2 Bf8 36. Nc1 Bd7 37. Qa2 Rd6 38. Nb3 Rf6 39. Re2 Rd6 40. Nc5 Bh3 41. Rc2 Bg7 42. Rd2 h5 43. Qb3 Bh6 44. Rc2 Kg7 45. Qc3 Rf6 46. Qe1 Rf3 47. Nd1 e3 48. Kb2 Qf6 49. fxe3 Rf1 50. Qd2 Qf3 51. Nc3 Bxe3 52. Qe2 Bf5 53. Rd2 Qxe2 54. Rxe2 Bxd4 55. Nxa6 Rf3 56. Re7+ Kh6 57. Rc7 Rf2+ 58. Kb3 Bc2+ 59. Ka2 Bd3+ 60. Ka1 Rc2 61. g4 hxg4 0-1

[Event "UKR-ch U18"]
[Site "Lubin"]
[Date "2009.02.13"]
[Round "8"]
[White "Ledakov, Alexandr"]
[Black "Yurkov, Alexey"]
[Result "1/2-1/2"]
[WhiteElo "2059"]
[BlackElo "2210"]
[PlyCount "95"]
[EventDate "2009.02.06"]
[EventType "tourn"]
[EventRounds "9"]
[EventCountry "UKR"]
[SourceTitle "CBM 128 Extra"]
[Source "ChessBase"]
[SourceDate "2009.03.05"]
[SourceVersion "2"]
[SourceVersionDate "2009.03.25"]
[SourceQuality "1"]

1. d4 Nc6 2. Nf3 d6 3. d5 Nb8 4. c4 e5 5. e4 a5 6. Nc3 Nd7 7. Be3 g6 8. Qa4 Bh6 9. Bxh6 Nxh6 10. c5 dxc5 11. Nxe5 0-0 12. Nxd7 Bxd7 13. Qc4 Qe7 14. Be2 b5 15. Nxb5 Bxb5 16. Qxb5 Qxe4 17. 0-0 Rab8 18. Qc4 Qxc4 19. Bxc4 Rxb2 20. Rfc1 Ng4 21. Bf1 Nxf2 22. Rxc5 a4 23. Rc4 f5 24. Rxa4 Ne4 25. Rc1 Nd2 26. Bd3 f4 27. Be2 Rf7 28. Ra7 c5 29. Ra5 Re7 30. Bg4 Re8 31. Raxc5 Ne4 32. Rc6 Rd2 33. Be6+ Kg7 34. Rc7+ Kf6 35. R7c2 Rxc2 36. Rxc2 Rb8 37. Kf1 Ke5 38. a4 Rb1+ 39. Ke2 h5 40. Bf7 Rg1 41. Kd3 Rd1+ 42. Ke2 Rg1 43. Kd3 Rd1+ 44. Ke2 Rg1 45. Kd3 Rd1+ 46. Kc4 Rg1 47. Kd3 Rd1+ 48. Ke2 1/2-1/2

[Event "UKR-ch U18"]
[Site "Lubin"]
[Date "2009.02.07"]
[Round "2"]
[White "Yurkov, Alexey"]
[Black "Sivuk, Vitaly"]
[Result "0-1"]
[WhiteElo "2210"]
[BlackElo "2340"]
[PlyCount "76"]
[EventDate "2009.02.06"]
[EventType "tourn"]
[EventRounds "9"]
[EventCountry "UKR"]
[SourceTitle "CBM 128 Extra"]
[Source "ChessBase"]
[SourceDate "2009.03.05"]
[SourceVersion "2"]
[SourceVersionDate "2009.03.25"]
[SourceQuality "1"]

1. e4 Nc6 2. Nf3 d6 3. d4 Nf6 4. Nc3 Bg4 5. d5 Nb8 6. Be2 g6 7. h3 Bxf3 8. Bxf3 Bg7 9. Be3 0-0 10. h4 c6 11. h5 Nbd7 12. hxg6 fxg6 13. g4 Ne5 14. Be2 Qa5 15. Kf1 cxd5 16. exd5 Qb4 17. a3 Nfxg4 18. Bd4 Nxf2 19. Bxf2 Qf4 20. Qe1 Rf5 21. Nd1 Raf8 22. Qb4 Qg3 23. Qh4 Rxf2+ 24. Nxf2 Rxf2+ 25. Ke1 Nf3+ 26. Bxf3 Qxf3 27. Qxf2 Qxh1+ 28. Qf1 Qxd5 29. Rd1 Qe4+ 30. Qe2 Qxe2+ 31. Kxe2 Bxb2 32. a4 b6 33. Kd3 Kf7 34. Kc4 g5 35. c3 Ba3 36. Kd5 Bc5 37. Ke4 Kg6 38. Rxd6+ exd6 0-1

[Event "UKR-ch sf U18"]
[Site "Kharkov"]
[Date "2008.10.06"]
[Round "5"]
[White "Yurkov, Alexey"]
[Black "Volovikov, Anton"]
[Result "1-0"]
[WhiteElo "2160"]
[BlackElo "2248"]
[PlyCount "99"]
[EventDate "2008.10.02"]
[EventType "swiss"]
[EventRounds "9"]
[EventCountry "UKR"]
[SourceTitle "CBM 126 Extra"]
[Source "ChessBase"]
[SourceDate "2008.11.05"]
[SourceVersion "1"]
[SourceVersionDate "2008.11.05"]
[SourceQuality "1"]

1. e4 c6 2. d4 d5 3. f3 dxe4 4. fxe4 e5 5. Nf3 exd4 6. Bc4 Bc5 7. 0-0 Nf6 8. Bg5 Qc7 9. Bxf6 gxf6 10. e5 Rg8 11. Kh1 f5 12. Nxd4 Bxd4 13. Qxd4 Rg4 14. Rf4 Rxf4 15. Qxf4 Be6 16. Nd2 Nd7 17. Bxe6 fxe6 18. Nc4 0-0-0 19. b4 Kb8 20. Qg5 Nb6 21. Nd6 Nd5 22. c4 Nxb4 23. Rb1 c5 24. a3 Nc6 25. Nxb7 Qxb7 26. Rxb7+ Kxb7 27. h3 Rd7 28. Qf6 Re7 29. h4 Kc7 30. Kh2 Kd7 31. h5 Nd8 32. Qf8 Nc6 33. Qf6 Nd8 34. h6 Nc6 35. Qh8 Nd8 36. Kg3 Nc6 37. a4 Kc7 38. Kf4 Rd7 39. Kg5 Nd8 40. Qf8 Kc6 41. a5 Nf7+ 42. Kf6 Nd8 43. a6 Kb6 44. Qg8 Kc6 45. Qg3 Rf7+ 46. Kg5 Rc7 47. Qd3 Rd7 48. Qb3 Kc7 49. Qb5 Rd2 50. Qa5+ 1-0

[Event "Ilichevsk Sunny Pawn op"]
[Site "Ilichevsk"]
[Date "2007.07.31"]
[Round "11"]
[White "Pasko, Alexander"]
[Black "Yurkov, Alexey"]
[Result "1-0"]
[WhiteElo "2359"]
[BlackElo "2130"]
[PlyCount "83"]
[EventDate "2007.07.20"]
[EventType "swiss"]
[EventRounds "11"]
[EventCountry "UKR"]
[SourceTitle "CBM 119 Extra"]
[Source "ChessBase"]
[SourceDate "2007.09.04"]
[SourceVersion "1"]
[SourceVersionDate "2007.09.04"]
[SourceQuality "1"]

1. e4 c5 2. Nf3 d6 3. d4 cxd4 4. Nxd4 Nf6 5. Nc3 g6 6. Be2 Bg7 7. 0-0 Nc6 8. Nb3 0-0 9. Bg5 a5 10. a4 Be6 11. Re1 Rc8 12. Bf1 Nb4 13. Nd4 Bc4 14. Bxc4 Rxc4 15. Ncb5 h6 16. Bh4 e5 17. c3 exd4 18. cxb4 Rxb4 19. Bg3 Ne8 20. b3 Qd7 21. Rb1 Kh7 22. Bf4 Bf6 23. Bd2 Rxb5 24. axb5 Qxb5 25. Qe2 d3 26. Qf3 Bd4 27. Red1 f5 28. Be1 Qc5 29. Qxd3 Bxf2+ 30. Bxf2 Qxf2+ 31. Kxf2 fxe4+ 32. Kg1 exd3 33. Rxd3 b6 34. Re1 Kg7 35. Re7+ Kf6 36. Rb7 Ke5 37. Rxb6 Ke4 38. Rg3 Rf6 39. Ra6 Ng7 40. Rxa5 d5 41. Ra4+ Ke5 42. Re3+ 1-0

[Event "Ilichevsk Sunny Pawn op"]
[Site "Ilichevsk"]
[Date "2007.07.29"]
[Round "9"]
[White "Aliferenko, Aleksei"]
[Black "Yurkov, Alexey"]
[Result "1-0"]
[WhiteElo "2256"]
[BlackElo "2130"]
[PlyCount "123"]
[EventDate "2007.07.20"]
[EventType "swiss"]
[EventRounds "11"]
[EventCountry "UKR"]
[SourceTitle "CBM 119 Extra"]
[Source "ChessBase"]
[SourceDate "2007.09.04"]
[SourceVersion "1"]
[SourceVersionDate "2007.09.04"]
[SourceQuality "1"]

1. d4 Nf6 2. c4 g6 3. Nc3 Bg7 4. e4 0-0 5. Nf3 d6 6. Be2 e5 7. d5 a5 8. 0-0 Na6 9. Bg5 Qe8 10. Nd2 h6 11. Be3 Nh7 12. Kh1 f5 13. exf5 gxf5 14. f4 Bd7 15. Re1 exf4 16. Bxf4 Nc5 17. Bf3 Qd8 18. Nb3 b6 19. Nd4 Bxd4 20. Qxd4 Ng5 21. Rf1 Qf6 22. Qd2 Kh7 23. Be3 Rae8 24. Bh5 Nge4 25. Qd4 Re7 26. Nxe4 Nxe4 27. Rae1 Qh4 28. Bf3 Rfe8 29. Kg1 Re5 30. g3 Qh3 31. Bg2 Qh5 32. Rf4 Ng5 33. Rff1 R8e7 34. Bd2 Ne4 35. Bf4 Re8 36. Bxe5 dxe5 37. Qd1 Qxd1 38. Rxd1 Nd6 39. Rc1 Nb7 40. Be4 Kg6 41. Bc2 Kg5 42. h4+ Kf6 43. Bxf5 Bxf5 44. g4 Rg8 45. Rxf5+ Ke7 46. Rxe5+ Kd6 47. Re6+ Kc5 48. Rc6+ Kd4 49. Rd1+ Ke3 50. Re1+ Kf3 51. g5 hxg5 52. Rxc7 gxh4+ 53. Kh2 Nd6 54. Rf1+ Ke4 55. Rc6 Rd8 56. Rf6 Nf5 57. Rce6+ Kf4 58. Rxb6 a4 59. Rb4 Kg5 60. Rxf5+ Kxf5 61. Rxa4 Ke4 62. Ra7 1-0

[Event "UKR-ch sf U18"]
[Site "Kharkov"]
[Date "2006.12.10"]
[Round "9"]
[White "Artemchuk, Taras"]
[Black "Yurkov, Alexey"]
[Result "1/2-1/2"]
[WhiteElo "2214"]
[BlackElo "2122"]
[PlyCount "97"]
[EventDate "2006.12.02"]
[EventType "swiss"]
[EventRounds "9"]
[EventCountry "UKR"]
[SourceTitle "EXT 2023"]
[Source "ChessBase"]
[SourceDate "2022.10.05"]
[SourceVersion "1"]
[SourceVersionDate "2022.10.05"]
[SourceQuality "1"]

1. d4 Nf6 2. c4 g6 3. Nf3 Bg7 4. g3 0-0 5. Bg2 d6 6. 0-0 Nbd7 7. Nc3 e5 8. e4 Re8 9. h3 exd4 10. Nxd4 Nc5 11. Re1 a5 12. b3 Nfd7 13. Be3 Ne5 14. Re2 Bd7 15. Rb1 h6 16. Qd2 Kh7 17. f4 Nc6 18. Bf2 Nxd4 19. Bxd4 Bc6 20. Rbe1 Ne6 21. Bxg7 Nxg7 22. Nd5 Bxd5 23. cxd5 Qd7 24. Rc1 Re7 25. Kh2 Qb5 26. Re3 Qb6 27. Rec3 f5 28. Qe3 Qxe3 29. Rxe3 fxe4 30. Rxe4 Rxe4 31. Bxe4 Re8 32. Bf3 Re7 33. g4 Ne8 34. Kg3 Kg7 35. h4 Kf7 36. Kf2 Ng7 37. Rc4 Ne8 38. Ra4 b6 39. Rc4 Ng7 40. Re4 Rxe4 41. Bxe4 Ne8 42. g5 hxg5 43. hxg5 Ng7 44. Kf3 Nh5 45. Kg4 Ng7 46. Bd3 Ne8 47. Ba6 Ng7 48. Bb5 Nf5 49. Bc4 1/2-1/2

[Event "Evpatoria U18 4th"]
[Site "Evpatoria"]
[Date "2005.05.03"]
[Round "2.1"]
[White "Yaremko, Nazar"]
[Black "Yurkov, Alexey"]
[Result "1-0"]
[WhiteElo "2195"]
[BlackElo "2091"]
[PlyCount "135"]
[EventDate "2005.05.03"]
[EventType "swiss"]
[EventRounds "7"]
[EventCountry "UKR"]
[SourceTitle "CBM 106 Extra"]
[Source "ChessBase"]
[SourceDate "2005.07.01"]
[SourceVersion "1"]
[SourceVersionDate "2005.07.01"]
[SourceQuality "1"]

1. e4 e5 2. Nf3 Nc6 3. Bb5 a6 4. Ba4 Nf6 5. d4 exd4 6. 0-0 Be7 7. Re1 0-0 8. e5 Ne8 9. Nxd4 Nxd4 10. Qxd4 d6 11. Bf4 c5 12. exd6 Bxd6 13. Qd2 b5 14. Rd1 Bg4 15. f3 Qf6 16. Bxd6 Nxd6 17. Qc3 Ne4 18. Qxf6 Nxf6 19. fxg4 bxa4 20. Nc3 a3 21. g5 axb2 22. Rab1 Ng4 23. Rxb2 Rfb8 24. Rb3 Ne3 25. Rd2 Rd8 26. Rxd8+ Rxd8 27. Ne4 Nxc2 28. Nxc5 Kf8 29. Nxa6 Rd1+ 30. Kf2 Rd2+ 31. Kf1 Ke7 32. a4 Nd4 33. Rb7+ Ke6 34. Nc5+ Kd5 35. Nb3 Nxb3 36. Rxb3 Ra2 37. Rb4 Ke6 38. Rf4 Rb2 39. h4 Ra2 40. Kg1 Ke5 41. Rxf7 Rxa4 42. g3 g6 43. Kg2 Ke6 44. Rxh7 Kf5 45. Kh3 Ra2 46. Rf7+ Ke6 47. Rf6+ Ke7 48. Rxg6 Kf7 49. Rf6+ Kg7 50. Kg4 Ra4+ 51. Rf4 Ra3 52. h5 Ra1 53. Rb4 Ra7 54. h6+ Kg6 55. Rb6+ Kh7 56. Kh5 Ra5 57. Rb7+ Kh8 58. Rf7 Kg8 59. Kg6 Ra6+ 60. Rf6 Ra8 61. Re6 Rf8 62. Kh5 Rf2 63. g6 Rf5+ 64. Kg4 Rf8 65. Kg5 Rb8 66. h7+ Kg7 67. Re7+ Kh8 68. Kh6 1-0

[Event "UKR-ch U16 sf"]
[Site "Dnipropetrovsk"]
[Date "2004.11.??"]
[Round "6"]
[White "Yurkov, Alexey"]
[Black "Baraniuk, Sergey"]
[Result "1-0"]
[WhiteElo "2091"]
[BlackElo "2230"]
[PlyCount "82"]
[EventDate "2004.11.??"]
[EventType "swiss"]
[EventRounds "9"]
[EventCountry "UKR"]
[SourceTitle "EXT 2006"]
[Source "ChessBase"]
[SourceDate "2005.11.24"]
[SourceVersion "1"]
[SourceVersionDate "2005.11.24"]
[SourceQuality "1"]

1. e4 d5 2. exd5 Nf6 3. c4 c6 4. Nc3 cxd5 5. d4 e6 6. Nf3 Bb4 7. a3 Bxc3+ 8. bxc3 Nc6 9. Bd3 h6 10. 0-0 0-0 11. Re1 dxc4 12. Bxc4 Qa5 13. Qc2 b5 14. Bd3 Bb7 15. Bd2 Rfc8 16. Qb3 a6 17. a4 Qb6 18. axb5 Na7 19. Ne5 axb5 20. f3 Rab8 21. Rab1 Qd6 22. Kh1 Nd7 23. Bf4 Bd5 24. Qc2 Nxe5 25. Bxe5 Qb6 26. Bxb8 Qxb8 27. Qd2 Qb7 28. Be4 Qd7 29. Ra1 Nc6 30. Qb2 Bc4 31. Ra6 Ne7 32. Rea1 f5 33. Bc2 Nd5 34. Ra8 Kh7 35. Rxc8 Qxc8 36. Bb3 Bxb3 37. Qxb3 Qxc3 38. Qxc3 Nxc3 39. Re1 Kg6 40. Rxe6+ Kf7 41. Rc6 b4 1-0